000 00644nam a2200241Ia 4500
003 20180301135250.0
005 20180301135539.0
008 170918s9999 xx 000 0 und d
020 _a9780590426168
050 _bK295 1988
100 _aKellogg, Steven
245 _aJohnny appleseed : my story /
245 _ba tall tale /
245 _cretold and illustrated by Steven Kellogg.
260 _aNew York :
260 _bScholastic,
260 _c1988
300 _aunpaged :
300 _bcolored illustration ;
300 _c27cm.
500 _a920
942 _2ddc
_cLEX
_hLEX K295 1988
999 _c342937
_d342937